| 000 | 00427nam a2200181Ia 4500 | ||
|---|---|---|---|
| 001 | 2541 | ||
| 005 | 20260306144814.0 | ||
| 008 | 260306t2020||||xx |||||||||||||| ||spa|| | ||
| 041 | _aESP | ||
| 082 |
_a616.8914 _bT37 |
||
| 100 |
_aTena Suck, Antonio, _eAUT |
||
| 245 | 0 | _aPsicoterapia integrativa | |
| 260 | _c2020 | ||
| 300 |
_axiii, 121 páginas : _c23 cm. |
||
| 650 | _aGEN | ||
| 654 | _aCPS | ||
| 942 |
_cLIB _dJUS _fJUS _2ddc _n |
||
| 999 |
_c2541 _d2541 |
||